[Event "10th KiiT Festival 2017"]
[Site "Bhubaneshwar"]
[Date "2017.05.29"]
[Round "6"]
[White "Ziatdinov, Raset"]
[Black "Hari Madhavan N B"]
[Result "1-0"]
[WhiteElo "2291"]
[BlackElo "1970"]
[Annotator "TA"]
[PlyCount "130"]
[EventDate "2017.05.26"]
[EventType "swiss"]
[EventCountry "IND"]
[SourceTitle "playchess.com"]
[Source "ChessBase"]
[SourceQuality "1"]

{[%evp 26,130,45,0,64,59,76,55,75,59,95,96,109,48,84,89,83,91,135,137,132,126,120,132,130,135,134,120,160,148,200,199,202,153,154,155,159,139,118,72,65,18,15,0,0,0,0,0,0,0,479,0,0,0,0,0,0,0,0,-139,190,190,976,976,1579,1355,5089,241,241,0,0,0,0,0,0,0,0,0,0,0,0,-587,0,-965,-586,-746,-585,-419,443,431,584,580,6746,1447,6746,1433,6479,6152,6746,6746,5481,596,29989,29990,29990,29991,29991]} 1. e4 e6 2. d4 d5 3. Nd2 Nf6 4. e5 Nfd7 5. Bd3 c5 6. c3 Nc6 7. Ne2 {[%cal Bg1e2,Be2c3,Bc3a4,Ba4c5][%mdl 32]} cxd4 8. cxd4 f6 9. exf6 Nxf6 10. O-O Bd6 11. Nf3 Qc7 12. Nc3 a6 13. Re1 O-O 14. Be3 {LiveBook: 3 Games. C06: French Tarrasch: 3...Nf6 4 e5 Nfd7 5 Bd3 main lines} (14. h3 Bd7 15. Bd2 Rae8 16. Rc1 Qb8 17. a3 Kh8 18. Bg5 Bf4 19. Bxf4 Qxf4 20. g3 Qh6 21. Bf1 Re7 22. Bg2 {1-0 (55) Abasov,N (2575)-Mammadova,G (2359) Nakhchivan 2017}) 14... g6 ({Black should play} 14... Bd7 $11) 15. h3 Nh5 {[%cal Bf6h5,Bh5f4,Bf4d3][%mdl 32]} 16. Rc1 {White is better.} (16. Bh6 $5 {[%cal Rh6f8]}) 16... Nf4 $146 ({Predecessor:} 16... Qg7 17. Bf1 Bd7 18. Qd2 Bf4 19. Ne2 g5 20. Nh2 Rf7 21. Ng4 Raf8 {1-0 (39) Kotan,L (2308)-Kaniansky,M (2175) Slovakia 1999}) 17. Na4 Bd7 18. Nc5 Rae8 19. Ne5 (19. Bf1 $16) 19... Bxc5 20. Rxc5 Qd6 21. Nxd7 Nxd3 22. Nxf8 (22. Qxd3 $6 Qxd7 23. Bh6 Rf7 $14) 22... Nxe1 23. Nxh7 (23. Qxe1 $6 Qxf8 24. Qc3 Qf5 $14) 23... Kxh7 24. Qxe1 e5 25. dxe5 Rxe5 26. Qd2 Qe6 27. Qd3 Rf5 (27... d4 $16 {keeps fighting.} 28. Rxe5 Qxe5) 28. Bd2 Qd6 29. Rc1 Qf6 30. Qb3 Rxf2 31. Qxb7+ Ne7 32. Bc3 d4 33. Re1 Kh6 34. Ba5 {Black must now prevent Bc7.} (34. Qxe7 $5 {[%cal Rc3d2]} Rf1+ 35. Rxf1 Qxe7 36. Bxd4 $14) 34... Nc6 $40 {[%mdl 128] Black has some attack.} 35. Bc7 d3 36. Bg3 Rxb2 37. Qc7 Rxa2 $2 {[%mdl 8192]} (37... Nd4 $11 38. Bf4+ g5) 38. Bf4+ $2 (38. Rf1 $1 $18 {[%cal Rf1f6]} Qd4+ 39. Kh1) 38... g5 $11 {[#]} 39. Bxg5+ $1 {[%mdl 512]} Kxg5 (39... Qxg5 40. Re6+) 40. Qg3+ $1 Kh6 41. Re4 {Rh4+ is the strong threat.} Ra5 42. Qe3+ (42. Rh4+ $11 {remains equal.} Rh5 43. Qe3+ Qg5 44. Rxh5+ Kxh5 45. Qf3+ Kh4 46. Qe4+ Kh5 47. Qh7+ Qh6 48. g4+ Kg5 49. Qf5+ Kh4 50. Qf2+ Kg5 51. Qf5+ Kh4 52. Qf2+ Kg5 53. Qf5+) 42... Qg5 $2 {[%mdl 8192]} (42... Kg7 $17 {stays on course.} 43. Qxd3 Nd8) 43. Rh4+ $1 $18 Kg6 $2 (43... Kg7 44. Rg4 Qxg4 $1 {[%mdl 512]} 45. hxg4 Ne5 46. Qa7+ Nf7 47. Qd4+ Ne5 48. Qa7+ Nf7 49. Qd4+ Ne5 50. Qa7+) 44. Rg4 Qxg4 45. hxg4 {[%mdl 4096] Endgame KQ-KRN} Rb5 46. Qe6+ $2 (46. Qxd3+ Kg5 47. Qe3+ Kg6 48. Qe8+ Kh7 49. Qd7+ Kg8 50. Qxc6) 46... Kg5 {If only Black now had time for ...Ne5....} 47. Qxc6 $2 {KQ-KR} (47. Kf2 $18 Ne5 48. Kg3 (48. Qxa6 Nxg4+ 49. Kg3 Re5 $11)) 47... d2 $11 48. Qc2 Rd5 49. Qd1 a5 {Strongly threatening ...a4.} 50. Kf2 a4 {Hoping for ...a3.} 51. Ke3 a3 52. Ke4 Rd8 53. Ke3 $2 {[%mdl 8192]} (53. Qa1 $11 d1=Q 54. Qe5+ Kh6 55. Qf6+ Kh7 56. Qf7+ Kh8 57. Qf6+ Kh7 58. Qf7+ Kh8 59. Qf6+ Kh7) 53... a2 $2 ({Better is} 53... Rd7 $1 $19 54. Kf3 a2) 54. Ke2 $2 {[%mdl 8192]} ({Wrong is} 54. g3 $2 Rd7 $19) (54. Qa1 $11 d1=Q 55. Qg7+ Kh4 56. Qh6+ Kxg4 57. Qf4+ Kh5 58. Qe5+ Kh4 59. Qh2+ Kg5 60. Qe5+ Kg6 61. Qe6+ Kh7 62. Qf7+ Kh8 63. Qf6+ Kh7 64. Qf7+ Kh8 65. Qf6+ Kh7 66. Qf7+) 54... Rd7 55. g3 Rd8 56. Ke3 {[#]} Ra8 $4 {[%mdl 8192] [#]} ({Not} 56... a1=Q $2 57. Qxa1 d1=N+ 58. Ke2 $18) (56... Rd5 $1 $19 {And now ...Rd7 would win.} 57. Kf2 Rd7) 57. Qa1 $1 $18 {[%cal Ra1g7]} Kxg4 {intending ...Rd8.} 58. Kxd2 {Qd4+ would kill now.} Rd8+ 59. Kc2 Rc8+ 60. Kb3 Rb8+ 61. Kc4 Rc8+ 62. Kd3 Rd8+ 63. Ke3 Ra8 64. Qd4+ Kh3 65. Qh4+ Kg2 {Precision: White = 66%, Black = 41%.} 1-0

[Event "10th KiiT Festival 2017"]
[Site "Bhubaneshwar"]
[Date "2017.05.29"]
[Round "6"]
[White "Akash Pc, Iyer"]
[Black "Khusenkhojaev, Muhammad"]
[Result "1/2-1/2"]
[WhiteElo "2282"]
[BlackElo "2433"]
[Annotator "TA"]
[PlyCount "73"]
[EventDate "2017.05.26"]
[EventType "swiss"]
[EventCountry "IND"]
[SourceTitle "playchess.com"]
[Source "ChessBase"]
[SourceQuality "1"]

{[%evp 15,73,0,0,-14,-12,-10,0,-15,-14,-37,-35,-45,-20,-29,-24,-42,-35,-34,-39,-29,-17,-22,0,0,9,9,16,15,9,6,12,12,17,17,25,17,31,17,31,7,27,0,11,0,0,0,10,6,19,11,19,0,19,-42,0,9,25,0,19,0]} 1. Nf3 Nf6 2. g3 d5 3. Bg2 g6 4. O-O Bg7 5. d3 O-O 6. Nbd2 Nc6 7. e4 dxe4 8. dxe4 a5 9. c3 {A07: Réti Opening: New York and Capablanca Systems} (9. h3 Nd7 10. Nc4 b5 11. Ne3 Bb7 12. Qe2 b4 13. Rd1 Qc8 14. a3 Ba6 15. Qe1 Nc5 16. axb4 axb4 {½-½ (100) Movsesian,S (2699)-Nguyen,N (2625) Khanty-Mansiysk 2013}) 9... Nd7 {[%cal Bf6d7,Bd7c5,Bc5d3][%mdl 32]} 10. Qe2 Nc5 11. Nb3 (11. Qb5 $5 {[%cal Rb5c5]} Nd3 12. Rd1 $11) 11... Qd3 12. Qxd3 (12. Re1 $5 {[%cal Rb3c5]} Qxe2 13. Rxe2 Nxb3 14. axb3 $11) 12... Nxd3 13. Rd1 Nxc1 14. Raxc1 e5 $146 ({Predecessor:} 14... a4 15. Nbd4 Nxd4 16. Nxd4 c6 {0-1 (52) Seibicke,R (2185)-Matthey,H (2252) Germany 2006}) 15. Ra1 b6 (15... a4 $5 {[%cal Ra4b3]} 16. Nbd2 Bh6 $15) 16. Nbd2 f6 17. Bf1 Be6 18. Bc4 Bxc4 19. Nxc4 Rfd8 20. a4 Bh6 21. Ne1 Kf7 22. Kf1 Ke6 23. Ke2 Bf8 24. Nd3 Bd6 25. f3 Rd7 26. Rd2 Rad8 27. Nf2 Bc5 28. Nd3 (28. Rxd7 {looks sharper.} Rxd7 29. Nd3 Bf8 30. Rf1 Rd8 31. h4) 28... Bf8 29. Nf2 (29. h4 {seems wilder.} h5 30. Rh1 Na7 31. f4 Bh6 32. Rdd1) 29... Rxd2+ 30. Nxd2 h5 31. Nc4 Bh6 32. Rd1 Rh8 33. Rg1 Bg5 34. h3 (34. h4 $11 Bh6 35. Nd3) 34... Bh6 35. Nd3 Bf8 36. Rg2 Be7 37. Rg1 {Precision: White = 44%, Black = 35%.} 1/2-1/2

[Event "10th KiiT Festival 2017"]
[Site "Bhubaneshwar"]
[Date "2017.05.29"]
[Round "6"]
[White "Kaustuv, Kundu"]
[Black "Pinge, Shubham D"]
[Result "1-0"]
[WhiteElo "2274"]
[BlackElo "2017"]
[Annotator "TA"]
[PlyCount "107"]
[EventDate "2017.05.26"]
[EventType "swiss"]
[EventCountry "IND"]
[SourceTitle "playchess.com"]
[Source "ChessBase"]
[SourceQuality "1"]

{[%evp 20,107,28,32,69,64,110,70,39,42,112,102,111,75,161,148,154,167,152,135,167,168,191,37,53,36,53,36,53,0,36,27,37,35,69,27,133,120,145,143,22,24,56,20,20,77,74,77,79,23,19,56,203,203,183,152,151,144,146,150,205,205,212,212,221,211,202,202,265,268,264,267,278,273,243,260,368,363,363,172,168,184,187,172,220,194,780,811,1544,1468]} 1. Nf3 d5 2. c4 c6 3. e3 Nf6 4. Nc3 e6 5. b3 Bd6 6. Bb2 O-O 7. Be2 Qe7 {A11: English Opening: 1...c6} (7... e5 8. cxd5 cxd5 9. Nb5 e4 10. Nfd4 Be5 11. Ne6 fxe6 12. Bxe5 Nc6 13. Bc7 Qd7 14. Bg3 e5 15. d4 {½-½ (40) Matlakov,M (2693)-Dubov,D (2644) Sochi 2016}) 8. Qc2 Nbd7 9. Rg1 Ba3 10. Bxa3 Qxa3 11. g4 {[%cal Bg2g4,Bg4g5][%mdl 32] LiveBook: 4 Games} a5 12. g5 Ne4 $146 ({Predecessor:} 12... Ne8 13. h4 a4 14. Nxa4 dxc4 15. Qxc4 Nd6 16. Qc1 Qxc1+ 17. Rxc1 {1-0 (54) Khotenashvili,B (2502)-Goryachkina,A (2480) Skopje 2015}) 13. Nxe4 dxe4 14. Qxe4 Nc5 ({Black should try} 14... Re8 $14) 15. Qc2 a4 {[%cal Ra4b3]} 16. b4 Na6 (16... Qxb4 $16 {was worth a try.} 17. Rb1 Qa5) 17. b5 $18 cxb5 18. cxb5 Nb4 19. Qb1 $1 e5 20. Nxe5 Be6 21. Nd3 $2 (21. Nc4 $1 $18 {[%cal Rc4a3]} Bxc4 22. Bxc4) 21... Nxa2 22. Nf4 Bb3 $1 23. Bd3 g6 24. h4 (24. f3 $14) 24... Rac8 25. Ke2 Rfd8 26. Kf3 Rd7 27. h5 {aiming for Rh1.} Rdc7 (27... Rcd8 $1 $11 {remains equal.}) 28. Be4 $1 $16 {[%cal Rh5g6]} Rc1 29. Qd3 $1 Rxa1 30. Rxa1 Qe7 31. hxg6 (31. Rh1 $5 {[%cal Rh5g6]} Rc1 32. Kg4 $14) 31... hxg6 32. Bd5 $36 {[%mdl 2048] White has strong initiative.} Qxg5 33. Bxb3 axb3 34. Qxb3 (34. Rh1 $1 $16 {White wants to mate with Qd4.} Rc1 35. Rh2 (35. Rxc1 Nxc1 36. Qc3 b2 $19)) 34... Nc1 $11 35. Qd5 Qxd5+ (35... Qg1 $1 $14) 36. Nxd5 $14 {[%mdl 4096] Endgame Hoping for Ne7+. KRN-KRN} Rc5 37. Nf6+ Kg7 38. Ne8+ $1 Kf8 39. Nd6 Nb3 (39... Rd5 $16 {might work better.}) 40. d4 $1 $18 {[%cal Rd4c5]} Rd5 41. Ra8+ Ke7 42. Nxb7 Rxb5 {[#]} 43. Ra7 $1 Nd2+ 44. Ke2 Nb1 45. Nc5+ Ke8 46. Kd3 Rb2 47. f4 Rd2+ (47... f6 {was necessary.} 48. Rg7 Rg2) 48. Kc4 Rc2+ 49. Kd5 (49. Kb3 $142 Re2 50. d5 Rxe3+ 51. Kb4) 49... Nc3+ {[#]} 50. Kc6 $1 Ne4 51. Rb7 Rc3 52. Rb3 {Threatens to win with Rxc3.} Rxb3 $2 (52... Rc1 53. Kd5 Nxc5 54. dxc5 Kd8) 53. Nxb3 f6 54. Nc5 {Precision: White = 55%, Black = 33%.} 1-0

[Event "10th KiiT Festival 2017"]
[Site "Bhubaneshwar"]
[Date "2017.05.29"]
[Round "6"]
[White "Chakravarthi Reddy, M."]
[Black "Ravi, Teja S"]
[Result "0-1"]
[WhiteElo "2226"]
[BlackElo "2369"]
[Annotator "TA"]
[PlyCount "88"]
[EventDate "2017.05.26"]
[EventType "swiss"]
[EventCountry "IND"]
[SourceTitle "playchess.com"]
[Source "ChessBase"]
[SourceQuality "1"]

{[%evp 13,88,24,32,19,50,19,21,8,0,10,7,-4,0,0,0,-37,-39,-39,-24,-22,-15,-35,31,12,33,40,50,50,108,145,212,100,119,116,146,140,130,50,66,43,122,-97,-93,-90,-92,-147,-150,-148,-127,-134,-142,-139,-125,-124,-11,-10,-7,-8,-8,-68,-65,-60,-57,-378,-378,-378,-378,-377,-376,-372,-361,-432,-413,-564,-549,-12845,-594]} 1. c4 c6 2. d4 d5 3. Nf3 Nf6 4. Nc3 a6 5. a4 e6 6. Bg5 Nbd7 7. e3 Qa5 8. Qc2 {D15: Slav Defence: 4 Nc3 a6 and gambit lines after 4 Nc3 dxc4} (8. cxd5 exd5 9. Nd2 Be7 10. Bd3 Nf8 11. Qc2 Ne6 12. Bh4 Qd8 13. O-O g6 14. Nb3 a5 15. f3 O-O {1-0 (45) Karjakin,S (2757)-Erdos,V (2613) Tsaghkadzor 2015}) 8... c5 $146 ({Predecessor:} 8... Ne4 9. Bf4 Bb4 10. Rc1 b5 11. cxd5 cxd5 12. Bd3 Bb7 13. axb5 axb5 14. O-O Bxc3 15. bxc3 O-O {½-½ (56) Dzagnidze,N (2556)-Stefanova,A (2494) Warsaw 2013}) 9. cxd5 Nxd5 10. Be2 {The position is equal.} h6 11. Bh4 cxd4 12. exd4 Bb4 {[%cal Rd5c3]} 13. O-O Bxc3 14. Rfc1 g5 15. Bg3 g4 16. bxc3 {Black must now prevent Nd2.} gxf3 17. Bxf3 N5f6 (17... O-O $15) 18. Re1 Kf8 19. c4 Rg8 20. Bf4 Rg6 {[#]} (20... Kg7 $1 $14) 21. Rxe6 $1 $16 {[%mdl 512]} Kg8 {[#]} (21... Kg7 $16 22. Rd6 Nh7) (21... fxe6 22. Qxg6) 22. Rd6 (22. c5 $1 $18 {has better winning chances.}) 22... Nf8 {[#]} 23. c5 $1 {[%mdl 1024] Strongly threatening Rb6. White has strong compensation.} Ne6 24. Be3 Qc7 25. Qe2 (25. Re1 $16) 25... Qe7 $14 26. d5 Ng7 ({Black should play} 26... Ng5 $14) 27. Bf4 $2 (27. Bd4 $16 Qxe2 28. Bxe2) 27... Qxe2 $17 28. Bxe2 {Threatens to win with Rd8+.} Bf5 29. f3 (29. Bf3 $142) 29... Nge8 30. Rb6 Nxd5 31. Rxg6+ Bxg6 32. Bxh6 Rc8 33. Rc1 Nef6 {[#]} (33... Nb4 $17 {White should prevent ...Bd3.} 34. Rc4 Nc6) 34. c6 $1 $11 {[%cal Rc6b7][%mdl 512]} bxc6 {...Nb4 is the strong threat.} 35. Bxa6 Rc7 36. Be2 (36. Bd2 $11) 36... Nb4 $15 37. Bd2 Nfd5 38. Bb5 $2 {[%mdl 8192]} (38. Rc5 $15) 38... cxb5 $19 39. Rxc7 Nxc7 40. axb5 Nbd5 41. Kf2 Nxb5 42. g4 Nd4 43. h4 Bc2 44. Be3 {[#]} Nxf3 $1 {Precision: White = 28%, Black = 46%.} 0-1

[Event "10th KiiT Festival 2017"]
[Site "Bhubaneshwar"]
[Date "2017.05.29"]
[Round "6"]
[White "Aditya Mittal"]
[Black "Murshed, Niaz"]
[Result "1-0"]
[WhiteElo "2211"]
[BlackElo "2423"]
[Annotator "TA"]
[PlyCount "53"]
[EventDate "2017.05.26"]
[EventType "swiss"]
[EventCountry "IND"]
[SourceTitle "playchess.com"]
[Source "ChessBase"]
[SourceQuality "1"]

{[%evp 26,53,43,40,38,45,42,35,109,102,98,97,150,141,156,149,147,168,168,180,179,0,0,0,0,0,64,66,851,850]} 1. d4 d5 2. c4 e6 3. Nc3 Bb4 4. Nf3 Nf6 5. cxd5 exd5 6. Bg5 Nbd7 7. e3 c5 8. Be2 Qa5 9. O-O Bxc3 {D38: Queen's Gambit Declined: Ragozin Defence (4 Nf3 Bb4)} 10. bxc3 Ne4 (10... c4 11. Nd2 Qxc3 12. e4 Nxe4 13. Nxe4 dxe4 14. Rc1 Qa5 15. Bd2 Qf5 16. Bxc4 O-O 17. Bb3 {½-½ (57) Navara,D (2718)-Saric,I (2678) Bol 2014}) 11. c4 Nc3 12. Qc2 Nxe2+ 13. Qxe2 dxc4 14. Qxc4 {LiveBook: 4 Games. Threatens to win with dxc5.} cxd4 15. Qxd4 O-O 16. Rac1 {aiming for Rxc8.} Nb6 $146 (16... f6 $14 17. Bf4 Nb6) ({Predecessor:} 16... Qxa2 17. Rxc8 Rfxc8 18. Qxd7 {1-0 (36) Ivanov,S (2550)-Lindberg,B (2432) Stockholm 2013}) 17. Bf6 $1 $16 {[%cal Rf6g7]} gxf6 {[#]} 18. Rc5 $1 {[%cal Rc5a5]} Qa3 {[#]} (18... Qxa2 $142 19. Qxf6 Nd5 20. Qg5+ Kh8) 19. Rh5 $1 Re8 ({Don't go for} 19... Qe7 $2 20. Qh4 $18) 20. Qxf6 {Rxh7! would kill now.} Re6 21. Rg5+ $40 {[%mdl 1152] White has strong compensation. Black is in trouble.} Kf8 22. Qg7+ Ke8 23. Nd4 $2 ({Better is} 23. Qh8+ $18 Kd7 24. Qxh7) 23... Rg6 $1 $11 {[%cal Rg6g7]} 24. Re5+ Be6 $1 25. Qxh7 Qd6 (25... Rc8 $11) 26. f4 $14 Rf6 $2 {[%mdl 8192]} (26... Qf8 $14) 27. Qh8+ {Precision: White = 89%, Black = 47%.} 1-0

[Event "10th KiiT Festival 2017"]
[Site "Bhubaneshwar"]
[Date "2017.05.29"]
[Round "6"]
[White "Mohammad Fahad, Rahman"]
[Black "Raghunandan, Kaumandur Srihari"]
[Result "1/2-1/2"]
[WhiteElo "2169"]
[BlackElo "2410"]
[Annotator "TA"]
[PlyCount "110"]
[EventDate "2017.05.26"]
[EventType "swiss"]
[EventCountry "IND"]
[SourceTitle "playchess.com"]
[Source "ChessBase"]
[SourceQuality "1"]

{[%evp 23,110,18,41,2,63,47,73,36,34,33,31,27,29,0,0,0,0,0,0,0,0,0,0,0,0,-25,0,-50,-47,-54,-54,-54,-54,-54,-54,-54,-54,-54,-54,-54,-54,-87,-54,-60,-51,-87,-87,-116,-116,-116,-116,-116,-116,-116,-116,-110,-109,-117,-118,-160,-84,-88,-54,-54,-54,-74,-11,-11,-11,-11,0,-11,0,-11,-11,-11,-11,-11,0,0,0,0,0,0,0,0,0,0,0]} 1. c4 c6 2. g3 d5 3. Bg2 Nf6 4. Nf3 e6 5. O-O Be7 6. b3 O-O 7. Bb2 b6 8. d4 Bb7 9. Nbd2 Nbd7 10. Qc2 Rc8 11. e4 dxe4 12. Nxe4 Qc7 {LiveBook: 4 Games. E09: Closed Catalan: Main Line: 7 Qc2 c6 8 Nbd2} (12... c5 13. Nxf6+ Nxf6 14. Rad1 cxd4 15. Bxd4 Qc7 16. Ng5 h6 17. Bxf6 hxg5 18. Bxe7 Qxe7 19. Bxb7 Qxb7 20. Rd4 e5 {½-½ (49) Swiercz,D (2620)-Bruzon Batista,L (2659) Berlin 2015}) 13. Ne5 h6 (13... Nxe5 $11 14. dxe5 Nxe4 15. Bxe4 h6) 14. Nxf6+ $146 ({Predecessor:} 14. Rfe1 Rfd8 15. Nxf6+ Nxf6 16. Nxf7 Kxf7 17. Bh3 Kg8 18. Bxe6+ Kh8 19. Qg6 Rd6 20. Bf5 {½-½ (52) Fischer,R (2125)-Mueller,J Wiesbaden 1998}) 14... Bxf6 {White is slightly better.} 15. Nxd7 Qxd7 16. Rfd1 Rfd8 17. b4 Qc7 18. Rd2 c5 {Threatens to win with ...Bxg2.} 19. Bxb7 Qxb7 20. dxc5 Rxd2 21. Qxd2 Rd8 $36 {[%mdl 2048] Black is pushing.} 22. Qc2 Bxb2 23. Qxb2 bxc5 $11 {[%mdl 4096] Endgame KQR-KQR} 24. b5 Rd4 25. Rc1 Qf3 26. a4 Rd1+ 27. Rxd1 Qxd1+ $15 {KQ-KQ} 28. Kg2 Qxa4 29. Qc3 a6 $1 {[%cal Ra6b5]} 30. Qd3 axb5 $1 31. cxb5 c4 $1 {[%cal Rc4d3]} 32. Qd8+ Kh7 33. b6 $1 Qc6+ 34. f3 Qb5 35. Qc7 {Strongly threatening b7.} Qb2+ 36. Kh3 {Hoping for b7.} c3 {...c2 is the strong threat.} 37. b7 c2 38. b8=Q c1=Q {( -> ...Qf1+)} 39. Qxb2 Qxc7 $17 {KQ-KQ} 40. Qd4 Qc2 41. g4 {[#]} Kg6 (41... h5 $142 $1 {[%mdl 512]} 42. gxh5 Qf5+ 43. Qg4 Qf6) 42. Kg3 Qe2 43. h4 Kh7 44. h5 f6 (44... g5 $17) 45. Qd7 $11 {The position is equal.} Qe5+ 46. Kg2 Qe2+ 47. Kg3 Qe5+ 48. Kg2 Qb2+ 49. Kg3 Qb6 50. Qe8 Qc7+ 51. Kh3 Qf4 52. Qg6+ Kg8 53. Qe8+ Kh7 54. Qg6+ Kh8 55. Qe8+ Kh7 {Precision: White = 75%, Black = 56%.} 1/2-1/2

[Event "10th KiiT Festival 2017"]
[Site "Bhubaneshwar"]
[Date "2017.05.29"]
[Round "6"]
[White "Harshavardhan G B"]
[Black "Navalgund, Niranjan"]
[Result "0-1"]
[WhiteElo "2157"]
[BlackElo "2351"]
[Annotator "TA"]
[PlyCount "116"]
[EventDate "2017.05.26"]
[EventType "swiss"]
[EventCountry "IND"]
[SourceTitle "playchess.com"]
[Source "ChessBase"]
[SourceQuality "1"]

{[%evp 22,116,0,2,64,57,64,56,62,67,63,66,61,0,0,0,59,29,78,71,76,60,80,70,81,77,87,47,83,47,78,43,74,44,167,92,107,-134,-114,-70,-16,-33,0,0,100,96,129,114,150,148,224,214,184,0,0,-93,-69,-173,-178,-183,0,-8,0,-2,0,0,56,53,40,49,41,44,77,79,72,0,-2,0,153,65,123,32,52,-167,35,-25,0,-134,0,0,0,0,0,0,0,0,0]} 1. d4 Nf6 2. c4 g6 3. Nc3 Bg7 4. e4 d6 5. Nf3 O-O 6. h3 e5 7. d5 Nh5 8. Be3 Na6 9. Nh2 Qe8 10. Be2 Nf4 11. Bf3 f5 12. O-O g5 {E90: King's Indian: Classical: Early deviations and 6 h3} (12... Nc5 $11) (12... b6 13. Re1 Nc5 14. Bxf4 fxe4 15. Be3 exf3 16. Nxf3 Bf5 17. Bxc5 bxc5 18. Ng5 Rb8 19. Re2 Bh6 20. Nge4 {½-½ (36) Figlio,G (2397)-Boger,R (2654) ICCF email 2011}) 13. exf5 Bxf5 14. Be4 Bxe4 $146 {White is slightly better.} ({Predecessor:} 14... Bd7 15. a3 Kh8 16. b4 Bf6 {½-½ (16) Sandic,V (2335)-Zivkovic,I (2325) Kraljevo 2014}) 15. Nxe4 Qg6 16. f3 h5 17. Nf2 (17. Kh1 $14) 17... Nb4 (17... c6 $11) 18. Ne4 $14 Na6 19. a3 Rad8 20. Rc1 (20. Bxa7 b6 $17) 20... c5 21. Re1 Rf7 22. Qd2 b6 23. b4 Bf8 {[%cal Bg7f8,Bf8e7,Be7h4][%mdl 32]} 24. b5 Nb8 25. Rb1 Qf5 26. Kh1 Be7 27. Rg1 g4 (27... Nd7 $14) 28. Ng3 (28. hxg4 $6 hxg4 29. Bxf4 exf4 $16) (28. Bxf4 $18 exf4 29. g3 (29. hxg4 hxg4 30. g3 gxf3 $16)) 28... Qg6 29. Rbf1 $2 (29. fxg4 $16 hxg4 30. hxg4 (30. Nxg4 Qxg4 31. hxg4 Rh7+ 32. Nh5 Nxh5 $15)) 29... Bh4 $1 $17 {[%cal Rh4g3]} (29... gxh3 30. gxh3 Kh7 31. Bxf4 $11) 30. Bf2 {[%cal Rf3g4]} Qd3 (30... gxh3 $2 31. gxh3 Nxh3 32. Ne4 $18) (30... Nd7 $15 31. fxg4 Nf6) 31. Rd1 $1 $11 Qxc4 (31... Qxd2 {seems wilder.} 32. Rxd2 gxh3 33. gxh3 Kf8 34. Ne4 Bxf2 35. Nxf2 Ke7) 32. fxg4 {Threatens to win with Nf5.} Rdf8 (32... Bxg3 $11 33. Bxg3 hxg4) 33. Nf5 $16 Rxf5 34. gxf5 Bxf2 35. Qxf2 Rxf5 (35... Qe4 $16) 36. Nf3 $1 $18 Nd7 37. Nh4 $2 (37. Qh4 $1 $18 {[%cal Rh4d8]} Qb3 38. Qd8+ Nf8 39. Nh4 (39. Qxd6 Ne2 $16)) 37... Rg5 $11 38. Rgf1 (38. Nf3 $11 Rg6 39. Nh4) 38... Nf6 $17 39. Qf3 (39. Qe3 $15) 39... Ne4 $19 ({Stronger than} 39... N6xd5 40. Rfe1 $14) 40. Rfe1 Nf6 $2 (40... Ng3+ $19 41. Kh2 Qxb5) 41. g3 N4xd5 42. Nf5 $132 {[%mdl 2048] White is not keeping still} e4 43. Qf2 {Hoping for Rxd5!} Qxb5 {[#]} (43... Qc3 $11) 44. Ne7+ $1 $14 {[%mdl 512]} Kg7 $1 (44... Nxe7 45. Qxf6) 45. Nxd5 Nxd5 46. Rxe4 Qd7 $1 47. Kh2 $1 {[%mdl 1024] Black must now prevent Rf1. White has strong compensation.} Rf5 {[#]} 48. Qb2+ (48. Qe1 $1 $16 Qf7 49. Re6) 48... Nf6 $1 $11 49. Rde1 Kg6 $2 {[#]} ({Better is} 49... Kf7 $1 $11 50. R4e2 d5) 50. Re7 ({White should play} 50. Re6 $1 $16 Qc6 51. Rd1) 50... Qc6 (50... Qa4 $1 $14) 51. Qa2 (51. R1e6 $16 {Rxf6+! would kill now.} Qf3 52. Rxd6 (52. Rxa7 Qf1 $11)) 51... c4 $14 52. Rxa7 $2 (52. R1e3 $14 {stays ahead.}) 52... Qc5 $2 (52... Ne4 $19 53. Re2 Rf1) 53. Re2 ({White should try} 53. Qc2 $14 Qf2+ 54. Qxf2 Rxf2+ 55. Kg1) 53... d5 (53... Ne4 $5 {[%cal Rf5f1]} 54. Rg2 d5 $11) 54. Qb1 (54. Qc2 $11 {keeps the balance.}) 54... d4 (54... Ne4 $17 {And now ...Rf2+ would win.} 55. Rg2 Rf2) 55. Ree7 $11 {The position is equal.} d3 $1 56. Rg7+ Kh6 57. Qc1+ Rg5 {( -> ...Qf2+)} 58. Qf4 Qf5 {[%mdl 32768] Precision: White = 36%, Black = 36%. . Loss on Time!?} 0-1

[Event "10th KiiT Festival 2017"]
[Site "Bhubaneshwar"]
[Date "2017.05.29"]
[Round "6"]
[White "Ramakrishna J"]
[Black "Aradhya, Garg"]
[Result "0-1"]
[WhiteElo "2157"]
[BlackElo "2304"]
[Annotator "TA"]
[PlyCount "74"]
[EventDate "2017.05.26"]
[EventType "swiss"]
[EventCountry "IND"]
[SourceTitle "playchess.com"]
[Source "ChessBase"]
[SourceQuality "1"]

{[%evp 10,74,16,3,31,27,28,14,10,16,38,-14,-2,-34,-21,-45,-16,-20,-18,-22,31,25,52,41,37,5,25,0,0,0,0,-24,0,0,0,-34,-14,-28,0,-66,-66,-66,-73,-60,-37,-47,-48,-97,-97,-91,-30,-52,-55,-57,-55,-55,-43,-50,-49,-92,-62,-95,-35,-43,-16,-908,-902]} 1. e4 e5 2. f4 Bc5 3. Nf3 d6 4. Nc3 Nc6 5. Na4 Bg4 6. Bb5 {LiveBook: 3 Games} Bb6 {C30: King's Gambit Declined} (6... Nge7 7. Nxc5 dxc5 8. h3 Bxf3 9. Qxf3 O-O 10. Bxc6 Nxc6 11. d3 f5 12. O-O exf4 13. Bxf4 Nd4 14. Qd1 fxe4 {0-1 (24) Froewis,G (2399)-Thiede,L (2441) Austria 2013}) 7. Nxb6 axb6 8. h3 Bxf3 {The position is equal.} 9. Qxf3 Nge7 10. Bxc6+ $146 ({White should play} 10. c3 $14) ({Predecessor:} 10. O-O O-O 11. c3 exf4 12. d4 Ng6 13. Bxf4 Nce7 14. Bc4 {1-0 (34) Grgic,N (1631)-Drinkovic,S Sibenik 2010}) 10... Nxc6 $11 11. c3 O-O 12. f5 {[#]} d5 $1 {[%mdl 512]} 13. d3 (13. exd5 Na5) 13... dxe4 14. dxe4 Ra4 (14... Qh4+ $11 15. g3 Qf6) 15. O-O Qh4 16. b4 Rd8 17. a3 (17. f6 $5 {[%cal Rf6g7]}) 17... Raa8 18. Bb2 Rd2 19. Bc1 Rd6 20. Bb2 Rd2 21. Bc1 Rd6 22. Bb2 Rad8 $36 {[%mdl 2048] Black has the initiative.} 23. Rad1 h6 24. Rd5 (24. Rxd6 $11 Rxd6 25. Qe2) 24... Rxd5 $15 25. exd5 e4 26. Qd1 {Black should prevent c4.} b5 {[%cal Bb6b5,Bb5c4][%mdl 32]} 27. c4 bxc4 28. b5 Ne7 29. Qd4 {[%csl Gb2][%cal Rd4g7]} Qg5 (29... Qg3 $17 30. Qxe4 Nxd5) 30. Qxe4 {aiming for h4.} Nxd5 {White must now prevent ...c3.} 31. Bc1 Qf6 {And now ...Qb6+ would win.} 32. Qxc4 Qc3 33. Qe2 Qc5+ 34. Kh1 Nf6 35. Bf4 Re8 (35... Ra8 $17 36. Ra1 Rxa3 37. Rxa3 Qxa3) 36. Qd3 Qd5 37. Rd1 $2 {[%mdl 8192] [#]} (37. Qxd5 $11 Nxd5 38. Bh2) 37... Re1+ $1 {[%mdl 512] Precision: White = 36%, Black = 32%.} 0-1